000 00376cam a22001217a 4500
999 _c504130
_d504130
008 180718b2011 xxu||||| |||| 00| 0 eng d
082 _aZ24x5432 T882
100 _aTuteja, Usha
_9689
245 _aImpact of the national horticulture mission scheme in Haryana
_cby Usha Tuteja
260 _aDelhi
_bAgricultural economics research centre
_c2011
300 _a96p.
942 _2ddc